The mammoth book of short science fiction novels / (Record no. 3355)

MARC details
000 -LEADER
fixed length control field 01783nam a22002777a 4500
001 - CONTROL NUMBER
control field 3355
003 - CONTROL NUMBER IDENTIFIER
control field FISKH
005 - DATE AND TIME OF LATEST TRANSACTION
control field 20240229103629.0
008 - FIXED-LENGTH DATA ELEMENTS--GENERAL INFORMATION
fixed length control field 240229b cb ||||| |||| 00| 0 eng d
020 ## - INTERNATIONAL STANDARD BOOK NUMBER
International Standard Book Number 9780948164224
040 ## - CATALOGING SOURCE
Original cataloging agency FISKH
Language of cataloging eng
Transcribing agency FISKH
Modifying agency FISKH
050 ## - LIBRARY OF CONGRESS CALL NUMBER
Classification number PS648.S3
082 ## - DEWEY DECIMAL CLASSIFICATION NUMBER
Classification number 813
100 ## - MAIN ENTRY--PERSONAL NAME
Personal name Asimov, Isaac
245 ## - TITLE STATEMENT
Title The mammoth book of short science fiction novels /
Statement of responsibility, etc. Presented by Isaac Asimov ; Edited by Isaac Asimov, Martin H. Greenberg and Charles G. Waugh
250 ## - EDITION STATEMENT
Edition statement This edition published 1988
260 ## - PUBLICATION, DISTRIBUTION, ETC.
Place of publication, distribution, etc. London :
Name of publisher, distributor, etc. Robinson Publishing,
Date of publication, distribution, etc. 1986
300 ## - PHYSICAL DESCRIPTION
Extent 574 pages :
Dimensions 20 cm
490 ## - SERIES STATEMENT
Series statement Mammoth Science Fiction
520 ## - SUMMARY, ETC.
Summary, etc. The Mammoth Book of "Vintage Science Fiction" is a collection of 10 short stories (i.e. around 50 pages each) from the 1950's. The authors contained in this volume include renowed sci-fi writers such as Asimov, Walter M. Miller (author of "Canticle for Lebowitz), Poul Anderson, Theodore Sturgeon, and Philip Jose Farmer; and it is edited by Asimov. <br/>The collection features some great sci-fi - some of which is nostalgic, but it in a good way - while other stories actually seem quite timeless. The "Mammoth" Sci books (by Carroll & Graf Sci-Fi) are actually a series of 6 volumes from the Classic sci-fi of the 1930's, through Modern Sci-fi of the 80's. Based on this volume, and some of the titles in the 60's volume, it's too bad these volumes are out of circulation and somewhat difficult to find. This is a great collection of page-turning stories, and would make a good gift for Sci-Fi fans, young and old!
650 ## - SUBJECT ADDED ENTRY--TOPICAL TERM
Topical term or geographic name entry element Anthology
General subdivision Short Stories
Chronological subdivision Science Fiction
700 ## - ADDED ENTRY--PERSONAL NAME
Personal name Greenberg, Martin H.
Relator term Editor
700 ## - ADDED ENTRY--PERSONAL NAME
Personal name Waugh, Charles G.
Relator term Editor
942 ## - ADDED ENTRY ELEMENTS (KOHA)
Source of classification or shelving scheme Dewey Decimal Classification
Koha item type Books
Suppress in OPAC No
Holdings
Withdrawn status Lost status Source of classification or shelving scheme Damaged status Not for loan Collection Home library Current library Shelving location Date acquired Total Checkouts Full call number Barcode Date last seen Price effective from Koha item type
    Dewey Decimal Classification     Fiction Footprints International School Library Network Toul Kork Campus Footprints International School Library Network Toul Kork Campus   02/29/2024   ASI Fic PS648.S3 FISSE03215 02/29/2024 02/29/2024 Books